| Registos Bibliográficos associados ao registo de autoridade |
|
Etiqueta de registo: 00254nkm 2200109 450 001 2210928 003 http://id.bnportugal.gov.pt/bib/catbnp/2210928 100 ## $a20250408f19051915 m y0pory01030103ba 101 0# $aeng 102 ## $aGB 200 1# $a The wood sawyers, Jean Francois Millet (1814-1875), Victoria and Albert Museum$bVisual gráfico] 210 #9 $a[Londres]$cVictoria and Albert Museum,$d[entre 1905 e 1915] 215 ## $a1 postal$ccolor.$d9x14 cm 306 ## $aDatação atribuída em conformidade com as características formais do documento 316 ## $aPostal não circulado 675 ## $a75Millet, Jean-François(084.0)$vBN$zpor$31951575 675 ## $a75(=1:44)"18"(084.0)$vBN$zpor$31777816 702 #1 $aMillet,$bJean Francois,$f1814-1875$4100$31951572 710 01 $aReino Unido.$bVictoria and Albert Museum$385150 801 #0 $aPT$bBN$gRPC 966 ## $lBN$mICONOG$sP.I. 19494 P.$x2 971 ## $cfpinelo$d20250408
Etiqueta de registo: 00000nkm 2200025 450 001 2284355 003 http://id.bnportugal.gov.pt/bib/catbnp/2284355 100 ## $a20260609f20102026m y0pory01030103ba 101 0# $apor 102 ## $aPT 200 1# $a O inverno, Jean-François Millet (França 1814-1875), Museu Calouste Gulbenkian, Lisboa$bVisual gráfico]$ffotografia de Reinaldo Viegas 210 #9 $aLisboa$cFundação Calouste Gulbenkian,$d[2010-2026]$e[Sintra] :$gNovotipo - Artes Gráficas, S.A.) 215 ## $a1 cartaz$ccolor.$d57,5x72x5 cm 306 ## $aDatação atribuída em conformidade com as características formais do documento 324 ## $aReprodução da obra de Jean-François Millet, cfr. https://gulbenkian.pt/museu/works/o-inverno/
[consult. 2026-06-12] 675 ## $a75Millet, Jean-François(084.5)$vBN$zpor$32000207 675 ## $a766(=1:469)"20"(084.5)$vBN$zpor$31983997 675 ## $a75(=1:44)"18"(084.5)$vBN$zpor$31804368 702 #1 $aMillet,$bJean Francois,$f1814-1875$4100$31951572 702 #1 $aViegas,$bReinaldo$4600$354445 712 02 $aFundação Calouste Gulbenkian$4650$310631 801 #0 $aPT$bBN$gRPC 966 ## $lBN$mICONOG$pFundação Calouste Gulbenkian$sCT. 7221 R. 976 ## $d20260609$rtoliveira
|
|
|